Vida y escritos de Fray María Rafael Arnáiz Barón, monje trapense. (Record no. 123459)

MARC details
000 -LEADER
campo de control de longitud fija 00631nam a2200181 4500
001 - NÚMERO DE CONTROL
campo de control 123459
003 - IDENTIFICADOR DE NÚMERO DE CONTROL
campo de control ES-MaACL
005 - FECHA Y HORA DE LA ÚLTIMA TRANSACCIÓN
campo de control 20230906192157.0
007 - CAMPO FIJO DE DESCRIPCIÓN FÍSICA--INFORMACIÓN GENERAL
campo de control de longitud fija t|
008 - DATOS DE LONGITUD FIJA--INFORMACIÓN GENERAL
campo de control de longitud fija 070214s1960 sp r ||||1| spa d
100 1# - ENTRADA PRINCIPAL--NOMBRE DE PERSONA
Nombre de persona Rafael Arnáiz
Títulos y otros términos asociados al nombre Beato (
Fechas asociadas al nombre 1911-1938)
9 (RLIN) 94953
245 10 - MENCIÓN DEL TÍTULO
Título Vida y escritos de Fray María Rafael Arnáiz Barón, monje trapense.
250 ## - MENCION DE EDICION
Mención de edición 4ª ed., corr. y aum.
260 ## - PUBLICACIÓN, DISTRIBUCIÓN, ETC.
Lugar de publicación, distribución, etc. San Isidro de Dueñas (Palencia) :
Nombre del editor, distribuidor, etc. Abadía Cisterciense,
Fecha de publicación, distribución, etc. 1960.
300 ## - DESCRIPCIÓN FÍSICA
Extensión XII, 557 p., 20 lám. :
Otras características físicas il. ;
Dimensiones 22 cm.
710 2# - ENTRADA AGREGADA--NOMBRE DE ENTIDAD CORPORATIVA
Nombre de entidad corporativa o nombre de jurisdicción como elemento de entrada Abadía Cisterciense de San Isidro de Dueñas.
9 (RLIN) 1130
852 ## - LOCALIZACIÓN
Ubicación ES-MaACL
Número de control de estantería C-17635
Sublocalización o colección R.46034
Holdings
Estatus retirado Estado de pérdida Estado de daño No para préstamo Biblioteca de origen Biblioteca actual Ubicación en estantería Fecha de adquisición Fuente de adquisición Total de préstamos Signatura topográfica completa Código de barras Visto por última vez Precio de reemplazo Tipo de ítem Koha
        Biblioteca del Ateneo de Madrid Biblioteca del Ateneo de Madrid Galería 17/01/2008     C-17635 1128633 23/02/2023 23/02/2023 Libro impreso